000 00797nam a2200217 a 4500
001 000033518
003 OSt
005 20201023105056.0
008 110411s1932 dr 000 0 spa d
040 _aDO-SdBNP
_bspa
_cBNPHU
082 7 4 _a371.106
_bE79a
_222
245 0 0 _aEstatutos de la Asociación de Maestros de Santiago de los Caballeros, República Dominicana.
260 _aSanto Domingo :
_bImprenta P. A. Gómez,
_c[1932].
300 _a27 p. ;
_c24 cm.
500 _aFundada el 16 de enero de 1932
590 _aInventariado, 2018/VM
610 1 4 _aASOCIACIONES DE MAESTROS
_zSANTIAGO DE LOS CABALLEROS, REPÚBLICA DOMINICANA
_959031
650 4 _aMaestros
_zRepública Dominicana
_vESTATUTOS, REGLAMENTOS, ETC.
_959032
910 _aValidado. Control de calidad MFF
942 _2ddc
_cLBS1
999 _c33009
_d33009